महात्मा फुले जीवन आणि कार्य (Record no. 370162)

MARC details
000 -LEADER
fixed length control field 04511 a2200157 4500
003 - CONTROL NUMBER IDENTIFIER
control field OSt
005 - DATE AND TIME OF LATEST TRANSACTION
control field 20260213142319.0
008 - FIXED-LENGTH DATA ELEMENTS--GENERAL INFORMATION
fixed length control field 260206b |||||||| |||| 00| 0 eng d
100 ## - MAIN ENTRY--PERSONAL NAME
Personal name करमरकर अ.
9 (RLIN) 216735
245 ## - TITLE STATEMENT
Title महात्मा फुले जीवन आणि कार्य
250 ## - EDITION STATEMENT
Edition statement 2nd ED.
260 ## - PUBLICATION, DISTRIBUTION, ETC. (IMPRINT)
Name of publisher, distributor, etc. भारतीय विचार साधना प्रकाशन
Date of publication, distribution, etc. 1998
Place of publication, distribution, etc. पुणे
300 ## - PHYSICAL DESCRIPTION
Extent 71pp.
520 ## - SUMMARY, ETC.
Summary, etc. हात्मा जोतीराव फुले (११ एप्रिल १८२७ - २८ नोव्हेंबर १८९०) हे महाराष्ट्रातील एक थोर समाजसुधारक, जातिविरोधी विचारवंत, लेखक आणि क्रांतिकारी नेते होते. स्त्री शिक्षण, अस्पृश्यता निवारण, शेतकरी व बहुजन समाजाच्या हक्कासाठी त्यांनी आयुष्यभर संघर्ष केला [१, २, ३]। १ जानेवारी १८४८ रोजी पत्नी सावित्रीबाई फुले यांच्यासह पुण्यात पहिली मुलींची शाळा काढून त्यांनी शैक्षणिक क्रांतीची मुहूर्तमेढ रोवलीजन्म आणि बालपण: जोतीराव फुले यांचा जन्म ११ एप्रिल १८२७ रोजी साताऱ्यात झाला. त्यांचे कुटुंब पुण्यात स्थायिक झाले होते, जे फुलविक्रीचा व्यवसाय (माळी) करत होते, म्हणून त्यांना 'फुले' आडनाव पडले [१]।<br/>शिक्षण आणि विचार: लहानपणीच आईचे छत्र हरपले होते. कठीण परिस्थितीत शिक्षण पूर्ण करतानाच त्यांनी मानवी समता आणि सामाजिक अन्यायावर विचार करण्यास सुरुवात केली [५]।<br/>स्त्री शिक्षणाचे प्रणेते: तत्कालीन समाजात स्त्रियांना शिक्षण नाकारले जात होते. हे बदलण्यासाठी जोतीरावांनी सावित्रीबाईंना सुशिक्षित केले आणि १८४८ मध्ये भिडे वाड्यात मुलींची पहिली शाळा सुरू केली [५, ९]।<br/>सामाजिक सुधारणा (सत्यशोधक समाज): २४ सप्टेंबर १८७३ रोजी त्यांनी 'सत्यशोधक समाज' स्थापन केला. या संस्थेमार्फत त्यांनी जातीभेदाला कडाडून विरोध केला, विधवा पुनर्विवाहाला प्रोत्साहन दिले आणि केशवपन प्रथेविरुद्ध लढा दिला [३, ६]।<br/>शेतकऱ्यांचे कैवारी: 'शेतकऱ्याचा असूड' या ग्रंथातून त्यांनी शेतकऱ्यांच्या दयनीय अवस्थेवर प्रकाश टाकला. शेतकऱ्यांना सावकारी पाशातून मुक्त करण्यासाठी त्यांनी प्रयत्न केले [१०]।<br/>साहित्यिक कार्य: त्यांनी गुलामगिरी, शेतकऱ्याचा असूड, सार्वजनिक सत्यधर्म, सत्सार यांसारख्या क्रांतिकारी ग्रंथांची रचना केली, ज्यांनी बहुजन समाजाला आत्मसन्मानाची प्रेरणा दिली
942 ## - ADDED ENTRY ELEMENTS (KOHA)
Koha item type Books
Source of classification or shelving scheme Dewey Decimal Classification
Holdings
Withdrawn status Lost status Source of classification or shelving scheme Damaged status Not for loan Collection code Home library Current library Date acquired Vendor Cost, normal purchase price Total Checkouts Barcode Date last seen Cost, replacement price Bill Date Koha item type Original Barcode
    Dewey Decimal Classification     MCA MKSSS s K.B. Joshi Institute of Information Technology Library MKSSS s K.B. Joshi Institute of Information Technology Library 02/02/2026 188 35.00   KBJP-BK-2980 02/02/2026 50.00 02/02/2026 Books 2980